banner-ar

NEW DIRECTIONS IN HOSPITAL AND HEALTHCARE FACILITY DESIGN / (Record no. 24847)

MARC details
000 -الفاتح
حقل البيانات ثابتة الطول 00518nam a2200181Ia 4500
008 - عناصر البيانات ثابتة الطول - معلومات عامة
حقل البيانات ثابتة الطول 140319s9999 xx 000 0 eng d
040 ## - مصدر الفهرسة
وكالة الفهرسة الأصلية GCL /
وكالة النسخ GCL
082 04 - رقم تصنيف ديوى العشرى
رقم التصنيف 725.51
رقم المادة M H
100 1# - المدخل الرئيسى - إسم شخصى
الإسم الشخصى MILLER, RICHARD L.
245 10 - بيان العنوان
العنوان NEW DIRECTIONS IN HOSPITAL AND HEALTHCARE FACILITY DESIGN /
بيان المسئوليه,etc MILLER, RICHARD L.
260 ## - PUBLICATION, DISTRIBUTION, ETC. (IMPRINT)
تاريخ النشر أو التوزيع 1995
300 ## - الوصف المادى
التعداد 331
650 04 - المدخل الاضافى بالموضوع-مصطلح موضوعى
مصطلح موضوعي DESIGN - CONSTRUCTION
650 04 - المدخل الاضافى بالموضوع-مصطلح موضوعى
مصطلح موضوعي HOSPITALS
650 04 - المدخل الاضافى بالموضوع-مصطلح موضوعى
مصطلح موضوعي HOSPITALS DESIGN AND CONSTRUCT
942 ## - عناصر المدخل الإضافي( كوها)
مصدر التصنيف او مخطط الترفيف Dewey Decimal Classification
Koha [default] item type كتاب
260 ## - PUBLICATION, DISTRIBUTION, ETC. (IMPRINT)
-- [S.N] :
-- MC GRAW - HILL ،
Holdings
حالة التراجع حالة الفقد حالة تلف ليس للاعارة المكان المؤقت الموقع الحالى تاريخ الاكتساب اجمالي اﻻعارات رقم الطلب الباركود تاريخ اخر مشاهدة تاريخ تفعيل السعر نوع وعاء كوها
        مكتبة القاهرة الكبرى مكتبة القاهرة الكبرى 03/26/2014   725.51\M H 43940 03/26/2014 03/26/2014 كتاب

Powered By

EGPV